000 00705nam a2200217 a 4500
001 000017276
005 20240412074246.0
008 100322s1983 dr 000 f spa d
040 _aDO-SdBNP
_bspa
_cBNPHU
082 _aRD863.44
_bC697a, 1983
100 1 _aCollado, Lipe,
_d1947-
_979819
245 1 4 _aLos acorralados /
_cLipe Collado.
250 _a4a. ed.
260 _aSanto Domingo :
_bAlfa y Omega,
_c1983.
300 _a126 p. ;
_c18 cm.
590 _aInventariado, 2020/LP
650 0 _aNovela histórica dominicana.
_9860
650 0 _aLiteratura dominicana.
_967
651 4 _aRepública Dominicana
_xHistoria
_yREVOLUCIÓN 1965
_xNovela
_927122
910 _aValidado. Control de calidad MMOLINA
999 _c16801
_d16801